| 000 | 00725nam a2200241 c 4500 | ||
|---|---|---|---|
| 003 | BLK | ||
| 005 | 20190212135650.0 | ||
| 008 | 180408b bul|||||r ||||||| ||bul|| | ||
| 010 | _aKNG00062917000 | ||
| 040 | _aBLK | ||
| 041 |
_aRUS _cRUS |
||
| 080 |
_aИгри на маса. Умствени игри _b794 _x _z794 |
||
| 139 |
_aШахматная композиция 1974 - 1976 _bШ42 |
||
| 245 | 1 | 0 | _aШахматная композиция 1974 - 1976 |
| 260 |
_аМосква _bФизкультура и спорт _c1978 |
||
| 300 |
_a224 с. _c20 см |
||
| 380 | _a79 | ||
| 852 | _aЦб 91893 | ||
| 856 | 4 |
_qpdf _u |
|
| 856 | 4 |
_qpdf _u |
|
| 942 |
_cKNG _n0 _01 |
||
| 944 |
_aCR _c13.06.2004 _kЧиталня |
||
| 944 |
_aED _c13.06.2004 _k |
||
| 999 |
_c58846 _d58846 |
||